| 000 | 00638nam a22001937a 4500 | ||
|---|---|---|---|
| 005 | 20260424115325.0 | ||
| 008 | 260424b |||||||| |||| 00| 0 eng d | ||
| 037 | _cDSWL | ||
| 040 |
_aDSWL _cDSWL |
||
| 041 | _heng | ||
| 084 | _aY15(Z).4461 Q7 | ||
| 245 | _aGender Implications of Tribal Customary Law | ||
| 260 |
_aJaipur, _bRawat Publication, _c2017 |
||
| 300 | _a244p | ||
| 365 |
_aINR _b950 |
||
| 700 |
_aR P Athparia , Sunumi Changmi & Jyotikona Chetia Ed. _91235637 |
||
| 942 |
_2CC _cTEXL _hY15(Z).4461 Q7 _n0 |
||
| 999 |
_c1848503 _d1848503 |
||